Responses for show #4129 - Thursday, July 11, 2002

Contestants

[<< previous game]

Lynn Honda, a bookseller from Honolulu, Hawaii

Richard Mason, a roboticist from Pasadena, California

Emilie Bruchon, an international relations specialist from Arlington, Virginia (whose 1-day cash winnings total $12,001)

[next game >>]

Jeopardy! Round responses

STARS & CONSTELLATIONS
CONTORTIONISM
CANDY & GUM NAMES
"I"
DEAD SEA
PEOPLE
(Alex: "I Dead Sea people." That's kind of cute. Sort of.)
    $200 13
a telescope

Richard
    $200 21
bend over backwards

Richard
    $200 1
Kisses

Richard
    $200 6
index finger

Lynn
    $200 26
the Dead Sea Scrolls

Emilie
    $200 11
Michael Jackson

Richard
    $400 14
Taurus

Emilie
    $400 22
the limbo

Richard
    $400 2
a Life Saver

Emilie
    $400 7
an incinerator

Emilie
    $400 27
Lot

Emilie
    $400 12
(Alex: Television star from way back when, [*].)

Soupy Sales

Triple Stumper
    $600 15
(Richard: What is the Big Dipper?)

the Little Dipper

EmilieRichard
    $600 23
the lotus position

Emilie
    $600 3
Trident

Richard
    $600 8
illegal and immoral

Lynn
    $600 28
(Richard: What are the...Jordan Heights?)
(Emilie: What is the Gaza Strip?)

the West Bank

EmilieRichard
Triple Stumper
    $600 18
Japan

Lynn
    $1,000 16
(Emilie: What is Vega?)
---
(Alex: No, but you're close. What is [*]?)
(Emilie: Oooh!)

Virgo

Emilie
    $800 24
a split

Richard
    $800 4
Mounds

Richard
    $800 9
an incline

Emilie
    $800 29
potassium

Richard
    $800 19
a hermit

Richard
    $1000 17
Vega

Lynn
    $1000 25
(Lynn: What are the shoulder blades?)
---
(Alex: Tough to do the shoulder blades.)

elbows

RichardLynn
    $1000 5
Bazooka

Emilie
    $1000 10
an interlude

Richard
    $1000 30
Masada

Richard
    $1000 20
Halston

Lynn

Scores at the first commercial break (after clue 16):

Emilie Richard Lynn
$2,600 $2,400 $800

Scores at the end of the Jeopardy! Round:

Emilie Richard Lynn
$3,200 $6,800 $2,400

Double Jeopardy! Round responses

BRITISH POETS & POETRY
DURING THE REAGAN YEARS
SONGS OF THE '70s
WHAT'S "NEW"?
I NEED HELP!
BUCK UP
    $400 1
Tennyson

Richard
    $400 25
Gorbachev

Richard
    $400 26
"You Light Up My Life"

Lynn
    $400 6
the New Testament

Richard
    $400 8
flare

Richard
    $400 16
teeth

Richard
    $3,000 2
Wordsworth

Richard
    $800 24
the Contras

Richard
    $800 27
"50 Ways To Leave Your Lover"

Lynn
    $800 7
the New England Patriots

Emilie
    $800 12
at one-minute intervals, approximately

Triple Stumper
    $800 17
Mickey Gilley

Lynn
    $1200 3
[Note: Richard pronounces the name Don "Whan", and Alex responds by pronouncing it Don "Ju-uhn".]

Don Juan

Richard
    $1200 23
Metallica

Emilie
    $1200 28
Brandy

Lynn
    $1200 9
New Kids on the Block

Emilie
    $5,000 13
(Alex: Dot dot dot, dash dash dash, dot dot dot.)

9

Richard
    $1200 18
(Alex: You might have guessed about [*], Buck Benny, no?)

Jack Benny

Triple Stumper
    $1600 4
Pope

Richard
    $1600 22
[Note: Alex pronounces Laurent Fabius with a distinct French accent.]

France

Richard
    $1600 29
(Emilie: What is "I Live For Your Love"?)

"Love Will Keep Us Together"

Emilie
Triple Stumper
    $1600 10
the New York World's Fair

Richard
    $1600 14
phone a friend, ask the audience, or 50/50

Richard
    $1600 19
(Richard: Who was Stephen King?)

Pearl S. Buck

EmilieRichard
    $2000 5
Auden

Richard
    $2000 21
Bobby Sands

Triple Stumper
    $2000 30
"Afternoon Delight"

Triple Stumper
    $2000 11
New Brunswick, New Jersey

Triple Stumper
    $2000 15
a CB

Emilie
    $2000 20
pass the buck

Emilie

Scores at the end of the Double Jeopardy! Round:

Emilie Richard Lynn
$10,400 $25,600 $5,600
(lock game)

[wagering suggestions for these scores]

Final Jeopardy! Round responses

THE OSCARS
(Alex: I would love it if each of you came up with a different response and each of you was correct.)
...
(Alex: [To Richard] Roberto Benigni, you're right. [**], Costa-Gavras film, was the other one. And the other one, the big winner, [***].)
LynnWhat is The Postman?
$5,600
EmilieWhat is Amélie ?
$10,000
RichardWhat is Life Is Beautiful?
$4,000
(1 of) Life is Beautiful, Z, or Crouching Tiger, Hidden Dragon

Final scores:

Emilie Richard Lynn
$400 $29,600 $0
2nd place: $2,000 New champion: $29,600 3rd place: $1,000

Game dynamics:

Coryat scores:

Emilie Richard Lynn
$11,400 $19,600 $5,600
15 R,
3 W
(including 1 DD)
27 R
(including 2 DDs),
3 W
9 R,
1 W

Combined Coryat: $36,600

The J! Archive is created by fans, for fans. The Jeopardy! game show and all elements thereof, including but not limited to copyright and trademark thereto, are the property of Jeopardy Productions, Inc. and are protected under law. This website is not affiliated with, sponsored by, or operated by Jeopardy Productions, Inc. Join the discussion at JBoard.tv.